| Поле | Инд. | ПП | Название | Значение |
|---|---|---|---|---|
| Тип записи | a | |||
| Библиографический уровень | m | |||
| 001 | Контрольный номер | UNIDUBNA9a0e2597fc4f4387a7c5f6d14251a4c7 | ||
| 005 | Дата корректировки | 20260528144403.4 | ||
| 020 | a | ISBN | 981-02-1768-4 | |
| 040 | b | Код языка каталог. | rus | |
| 041 | 0_ | a | Код языка текста | eng |
| 084 | a | Индекс другой классификации/Индекс ББК | 22 | |
| 090 | a | Полочн. индекс | 22 | |
| x | Авторский знак | E 97 | ||
| 245 | 10 | a | Заглавие | Exclusive Reacrions at High Momentum Transfer |
| b | Продолж. заглавия | сборник | ||
| 246 | 01 | a | Другая форма заглавия | Эксклюзивные реакции на передачу высокого импульса |
| 260 | a | Место издания | London | |
| b | Издательство | World Scientific | ||
| c | Дата издания | 1994 | ||
| 300 | a | Объем | 293 p. | |
| 336 | a | Термин вида содержания | Текст | |
| 337 | a | Термин типа средства | непосредственный | |
| 505 | 0_ | a | Форматированное содержание | The Challenges of Execlusive Processes in QCD |
| b | Автор | Brodsky S. J. | ||
| 505 | 0_ | a | Форматированное содержание | Проблемы исключающих процессов в КХД |
| b | Автор | Бродский С. Дж. | ||
| 650 | 04 | a | Основная рубрика | физика |
| 653 | 0_ | a | Ключевые слова | ОКНОиЭК |
| 655 | a | Жанр/ форма (устаревшее) | научное издание | |
| 700 | 12 | a | Автор | Carlson C. |
| e | Роль лиц | редактор | ||
| q | Полное имя | Carlson Carl | ||
| u | Дополнение к имени | Карлсон Карл | ||
| 700 | 12 | a | Автор | Stoler P. |
| e | Роль лиц | редактор | ||
| q | Полное имя | Stoler Paul | ||
| u | Дополнение к имени | Столер Пол | ||
| 700 | 12 | a | Автор | Taiuti M. |
| e | Роль лиц | редактор | ||
| q | Полное имя | Taiuti Mauro | ||
| u | Дополнение к имени | Тайути Мауро | ||
| 901 | t | Тип документа | m | |
| 952 | a | Тип литературы для КСУ ВШ | НАУ |